000 00340nam a22001337a 4500
005 20260209121507.0
008 260209b |||||||| |||| 00| 0 eng d
050 _aPS 3560 .033 2005
100 _aIris Johansen
245 _aCOUNT DOWN
260 _aUnited States of America
_bBantam Books
_c2005
300 _a499pages
942 _2lcc
_cBK
999 _c216566
_d216566